| 000 | 00638 a2200217 4500 | ||
|---|---|---|---|
| 005 | 20260106162334.0 | ||
| 008 | 260106b |||||||| |||| 00| 0 eng d | ||
| 037 | _cTB | ||
| 040 |
_aCRL _cCRL |
||
| 041 |
_2ARB _aARB |
||
| 084 |
_aV:f 28Q6 _bCRL |
||
| 100 |
_aZahi, Fazil Jabir _9821343 |
||
| 245 | _aMahajirat fi minhaj al-jass al-tareekhi | ||
| 260 | _c1998. | ||
| 300 | _a199p. | ||
| 365 |
_b1365.00 _cINR |
||
| 650 |
_aHistory _9862314 |
||
| 650 |
_aResearch _9862315 |
||
| 942 |
_cTB _2CC _n0 _hV:f 28Q6 |
||
| 999 |
_c1435449 _d1435449 |
||